A Murderous Quiz - Statistics

General Stats
  • This quiz has been taken 27 times
  • The average score is 7 of 20
Answer Stats
The killing of... Answer % Correct
oneself Suicide
100%
another person (general term) Homicide
79%
an entire national, racial, religious, or ethnic group Genocide
67%
one's mother Matricide
67%
one's father Patricide
67%
a brother Fratricide
54%
a child (under the age of 1) Infanticide
46%
a King/Queen, or ruler Regicide
42%
a sister Sororicide
33%
a god or divine being Deicide
25%
women (systemic) Gynocide
25%
a friend Amicicide
17%
men (systemic) Androcide
17%
multiple family members Familicide
17%
one's child Filicide
17%
one's wife Uxoricide
13%
an uncle Avunculicide
8%
an elderly family member Senicide
8%
one's husband Mariticide
4%
all humans Omnicide
4%
No matching quizzes found
Score Distribution
Percent of People with Each Score
Percentile by Number Answered
Your Score History
You have not taken this quiz